Pastoral americana / (Registro nro. 13291)

Detalles MARC
000 -LEADER
fixed length control field 00750nam a22002537a 4500
003 - CONTROL NUMBER IDENTIFIER
control field DO-SdBNP
005 - DATE AND TIME OF LATEST TRANSACTION
control field 20180214132817.0
008 - FIXED-LENGTH DATA ELEMENTS--GENERAL INFORMATION
fixed length control field 180214b 2000 sp ||||| |||| 00| 0 spa d
020 ## - INTERNATIONAL STANDARD BOOK NUMBER
International Standard Book Number 8466300112
020 ## - INTERNATIONAL STANDARD BOOK NUMBER
International Standard Book Number 9788466300117
040 ## - CATALOGING SOURCE
Original cataloging agency BPMSU
Language of cataloging spa
Transcribing agency BPMSU
100 1# - MAIN ENTRY--PERSONAL NAME
Personal name Roth, Philip,
Dates associated with a name 1933-
240 10 - UNIFORM TITLE
Uniform title <a href="American pastoral">American pastoral</a>
Language of a work Español
245 10 - TITLE STATEMENT
Title Pastoral americana /
Statement of responsibility, etc. Philip Roth ; [traducción: Jordi Fibla].
260 ## - PUBLICATION, DISTRIBUTION, ETC. (IMPRINT)
Place of publication, distribution, etc. Madrid :
Name of publisher, distributor, etc. Suma de Letras,
Date of publication, distribution, etc. 2000.
300 ## - PHYSICAL DESCRIPTION
Extent 546 p. ;
Dimensions 18 cm.
490 1# - SERIES STATEMENT
Series statement Punto de lectura
Volume/sequential designation 67
586 ## - AWARDS NOTE
Awards note Premio Pulitzer 1998.
700 12 - ADDED ENTRY--PERSONAL NAME
Personal name Fibla, Jordi,
Relator term tr.
830 #0 - SERIES ADDED ENTRY--UNIFORM TITLE
Uniform title Punto de lectura
Volume number/sequential designation 67
942 ## - ADDED ENTRY ELEMENTS (KOHA)
Source of classification or shelving scheme Dewey Decimal Classification
Koha item type Libros
945 ## - LOCAL PROCESSING INFORMATION (OCLC)
a Inventariado, 2018 /LP
956 ## - LOCAL ELECTRONIC LOCATION AND ACCESS (OCLC)
Host name LOREPEZ
Access number 10
Compression information 20180214
Processor of request BPMSU
Existencias
Withdrawn status Lost status Source of classification or shelving scheme Damaged status Not for loan Collection code Home library Current library Date acquired Source of acquisition Total Checkouts Barcode Date last seen Price effective from Koha item type
    Dewey Decimal Classification     Colección General Biblioteca Pública Metropolitana Salomé Ureña Biblioteca Pública Metropolitana Salomé Ureña 02/14/2018 FUNDI   BPMSU18020146 02/14/2018 02/14/2018 Libros